École de Marcinelle ou ligne claire - Click Quiz - Statistiques

Statistiques générales
  • Ce quiz a été pris 13 fois
  • Le résultat moyen est 14 sur 22
Statistiques - réponses
Hint Réponse % Correct
Tintin Ligne claire
100%
Gaston École de Marcinelle
86%
Les Petits Hommes École de Marcinelle
86%
Astérix École de Marcinelle
71%
Lucky Luke École de Marcinelle
71%
Spirou et Fantasio École de Marcinelle
71%
Les Schtroumpfs École de Marcinelle
71%
Boule et Bill École de Marcinelle
71%
L'Agent 212 École de Marcinelle
71%
César et Ernestine École de Marcinelle
71%
Le Scrameustache École de Marcinelle
71%
Blake et Mortimer Ligne claire
71%
Bob et Bobette Ligne claire
71%
Bobo École de Marcinelle
57%
Alix Ligne claire
57%
Lefranc Ligne claire
57%
Chick Bill Ligne claire
57%
Les 4 As Ligne claire
57%
Poussy École de Marcinelle
43%
Le Vieux Nick et Barbe-Noire École de Marcinelle
43%
Barelli Ligne claire
43%
Yoko Tsuno Ligne claire
43%
Aucun quiz correspondant
Distribution des résultats
% des personnes avec chaque résultat
Percentile par nombre de réponses
Votre historique - résultats
Vous n’avez pas pris ce quiz